| Tag |
First Indicator |
Second Indicator |
Subfields |
| LEADER |
00000pam a22000004a 4500 |
| 001 |
in00004501034 |
| 005 |
20191203131421.0 |
| 008 |
050607s2005 dcu b 001 0 eng |
| 010 |
|
|
|a 2005016338
|
| 016 |
7 |
|
|a 013265771
|2 Uk
|
| 020 |
|
|
|a 0309096537 (pbk.)
|
| 020 |
|
|
|a 0309550246 (pdf)
|
| 035 |
|
|
|a (OCoLC)ocm60603222
|
| 035 |
|
|
|z (UtOrBLW)39455
|
| 035 |
|
|
|a 56964
|
| 040 |
|
|
|a DLC
|c DLC
|d UKM
|d C#P
|d BAKER
|d IXA
|d TMV
|d UtOrBLW
|
| 042 |
|
|
|a pcc
|
| 049 |
|
|
|a TMVM
|c 1
|
| 050 |
0 |
0 |
|a QH588.S83
|b G85 2005
|
| 060 |
|
4 |
|a QH 588.S83
|b G946 2005
|
| 082 |
0 |
0 |
|a 616/.02774
|2 22
|
| 245 |
0 |
0 |
|a Guidelines for human embryonic stem cell research /
|c Committee on Guidelines for Human Embryonic Stem Cell Research, Board on Life Sciences, Division On Earth and Life Sciences, Board on Health Sciences Policy, Institute of Medicine.
|
| 264 |
|
1 |
|a Washington, D.C. :
|b The National Academies Press,
|c [2005]
|
| 264 |
|
4 |
|c ©2005
|
| 300 |
|
|
|a xi, 166 pages ;
|c 25 cm.
|
| 336 |
|
|
|a text
|2 rdacontent
|b txt
|
| 337 |
|
|
|a unmediated
|2 rdamedia
|
| 338 |
|
|
|a volume
|2 rdacarrier
|b nc
|
| 504 |
|
|
|a Includes bibliographical references and index.
|
| 505 |
0 |
|
|a Scientific background of human embryonic stem cell research -- Addressing ethical and scientific concerns through oversight -- Current regulation of human embryonic stem cell research -- Recruiting donors and banking hES cells -- National academics guidelines for research on human embryonic stem cells
|
| 650 |
|
2 |
|a Stem Cells.
|
| 650 |
|
2 |
|a Embryo Research.
|
| 710 |
2 |
|
|a National Research Council (U.S.).
|b Committee on Guidelines for Human Embryonic Stem Cell Research.
|
| 710 |
2 |
|
|a Institute of Medicine (U.S.).
|b Board on Health Sciences Policy.
|
| 948 |
|
|
|a PO 10360, intentional campus duplicate
|
| 999 |
|
|
|a MARS
|
| 999 |
f |
f |
|s 8ae2b92b-05f9-3701-a72e-ca54fe2a0c0a
|i 4bc51daf-6e22-313f-bff6-50fc6e706f08
|t 0
|
| 952 |
f |
f |
|p ric
|a Texas A&M University
|b Rellis Campus
|c Joint Library Facility
|d Remote Storage
|t 0
|e QH 588.S83 G946 2005
|h National Library of Medicine classification
|i unmediated -- volume
|m 323890189748J
|
| 998 |
f |
f |
|a QH 588.S83 G946 2005
|t 0
|l Remote Storage
|